00301nam a2200097 4500008004100000100001800041245008800059260000900147300001300156773003400169190417b ||||| |||| 00| 0 eng d aMalik, Inshah aGendered politics of funerary processions: contesting Indian sovereignty in Kashmir c2018 ap.63-66. aEconomic and Political Weekly